01207nam a2200313Ia 4500001000900000003000500009005001700014007000300031008004100034010001100075020001800086040001800104050002600122082002700148100003100175240011300206245014200319250001700461264003600478300007300514336002700587337002700614338002800641490004500669650005800714650003800772700003800810830004500848dia_3102CHAP20231123111625.0ta220117s1987 mx ado fr 001 0 spa d a173601 a968-451-993-1 cCHAPamxchpua1 aQA76.73.B3b.G68 1987 a005.133 bG68 19872201 aGottfried, Byron S.eautor10aSchaum's Outline of theory and problems of programming with BASIC, including microcomputer BASIC.lEspañol10aTeoría y problemas de programación BASIC : bincluye BASIC para microcomputador /cByron S. Gottfried ; traductor Angel Segado Bernal a3a edición aMéxico : bMcGraw-Hill,c1987 a398 páginas :bilustraciones, gráficas, diagramas, tablas, fotos 2rdacontentatextobtxt 2rdamediaasin mediobn 2rdacarrieravolumenbnc1 aSerie de Compendios Schaum (McGraw-Hill)10aBASIC (Lenguaje de programación para computadora) 10aBASIC (Computer program language)1 aSegado Bernal, Ángeletraductor aSerie de Compendios Schaum (McGraw-Hill)